[Event "BCF-ch"]
[Site "Morecambe"]
[Date "1981.08.08"]
[Round "6"]
[White "Lee, Graham D"]
[Black "Lewis, Andrew P"]
[Result "1/2-1/2"]
[WhiteElo "2360"]
[BlackElo "2200"]

1.e4 c5 2.c3 Nf6 3.e5 Nd5 4.d4 cxd4 5.cxd4 d6 6.Nf3 Nc6 7.Bc4 Nb6 8.Bb5 dxe5
9.Nxe5 Bd7 10.Bxc6 Bxc6 11.Nxc6 bxc6 12.O-O g6 13.Re1 Bg7 14.Bg5 Nc8 15.Qa4 O-O
16.Nc3 Rb8 17.Qxc6 Rxb2 18.Rad1 Rc2 19.Qc5 Qb6 20.Qxb6 Nxb6 21.Nb5 e6 22.Rd2 Rxd2
23.Bxd2 Nd5 24.Nxa7 Ra8 25.Nc6 Rxa2 26.Rd1 Ra4 27.Be1 Rc4 28.Ne5 Bxe5 29.dxe5 Kg7
30.Bd2 h6 31.h3 g5 32.Re1 Rc2 33.Rd1 Kg6 34.g4 Rc4 35.Re1 Rd4 36.Re2 Rd3
37.Kg2 Nb6 38.Bb4 Nd5 39.Bd2 Nb6 40.Bb4 Rb3 41.Re4 Rd3 42.Re3 Rxe3 43.fxe3 Nc4
44.Bc3 Nxe3+ 45.Kf3 Nd5 46.Bb2 Kg7 47.Kg3 Kg6 48.h4 h5 49.hxg5 Kxg5 50.Bc1+ Kg6
51.Kh4 hxg4 52.Kxg4 Nb4 53.Be3 Nc6 54.Bf4 Nd4 55.Be3 Nc6  1/2-1/2

[Event "BCF-ch"]
[Site "Morecambe"]
[Date "1981.08.14"]
[Round "11"]
[White "Lee, Graham D"]
[Black "King, Daniel J"]
[Result "1/2-1/2"]
[WhiteElo "2360"]
[BlackElo "2320"]

1.e4 c5 2.c3 Nf6 3.e5 Nd5 4.d4 cxd4 5.cxd4 d6 6.Nf3 Nc6 7.Nc3 dxe5 8.dxe5 Ndb4
9.a3 Qxd1+ 10.Kxd1 Na6 11.Nd5 Be6 12.Bxa6 O-O-O 13.Bc4 Bxd5 14.Bxd5 Rxd5+
15.Ke2 e6 16.Be3 Be7 17.Rac1 Kb8 18.Rc4 Nxe5 19.Nxe5 Rxe5 20.Rhc1 Bd6 21.Rd1 Rd5
22.Rxd5 exd5 23.Rd4 Kc7  1/2-1/2

[Event "Biel op"]
[Site "Biel"]
[Date "1981.??.??"]
[Round "?"]
[White "Afek, Yochanan"]
[Black "Deze, Anton"]
[Result "0-1"]
[WhiteElo "2300"]
[BlackElo "2445"]

1.e4 c5 2.c3 Nf6 3.e5 Nd5 4.d4 cxd4 5.cxd4 d6 6.Nf3 Nc6 7.Bc4 Nb6 8.Bb5 dxe5
9.Nxe5 Bd7 10.Nxd7 Qxd7 11.Nc3 e6 12.Qg4 g6 13.Bf4 Bg7 14.Be5 f6 15.Bf4 O-O
16.Rd1 a6 17.Bxc6 Qxc6 18.O-O Rad8 19.Rfe1 f5 20.Qh4 Rxd4 21.Rxd4 Bxd4 22.Bh6 Bf6
23.Qg3 Re8 24.h4 Nc4 25.h5 Kf7 26.hxg6+ hxg6 27.Ne2 e5 28.Rc1 Qe4 29.b3 Qxe2
30.bxc4 Rh8 31.Qb3 g5 32.Bxg5 Bxg5 33.Qxb7+ Kg6 34.Qxa6+ Bf6 35.Qa3 Qh5 36.Qh3 Qxh3
37.gxh3 Rxh3 38.c5 Rh7 39.c6 Rc7 40.a4 Kf7  0-1

[Event "Bochum"]
[Site "Bochum"]
[Date "1981.??.??"]
[Round "?"]
[White "Hermann, M."]
[Black "Borik, Otto"]
[Result "1/2-1/2"]
[WhiteElo "2390"]
[BlackElo "2390"]

1.e4 c5 2.c3 Nf6 3.e5 Nd5 4.d4 cxd4 5.cxd4 d6 6.Nf3 Nc6 7.Bc4 Nb6 8.Bb5 dxe5
9.Nxe5 Bd7 10.Nc3 Nxe5 11.dxe5 Bxb5 12.Nxb5 Qxd1+ 13.Kxd1 Nd5 14.Bd2 e6 15.Rc1 Kd7
16.Ke2 Be7  1/2-1/2

[Event "Elekes mem-A"]
[Site "Budapest"]
[Date "1981.??.??"]
[Round "?"]
[White "Henley, Ron W"]
[Black "Tokaji, Nagy Gyorgy"]
[Result "1/2-1/2"]
[WhiteElo "2455"]
[BlackElo "2200"]

1.e4 c5 2.c3 Nf6 3.e5 Nd5 4.d4 cxd4 5.Qxd4 e6 6.Nf3 Nc6 7.Qe4 d6 8.Nbd2 dxe5
9.Nxe5 Nxe5 10.Qxe5 Bd7 11.Nf3 Qf6 12.Bd3 Qxe5+ 13.Nxe5 Bd6 14.Nxd7 Kxd7
15.g3 Rac8 16.Ke2 h6 17.Be4 Rc4 18.Bd3 Rc7 19.Rd1 Ke7 20.a3 Rd8 21.Bd2 f5
22.c4 Nf6 23.Bc3 Bc5 24.Bc2 Rcd7 25.Rxd7+ Rxd7 26.Rd1 Rxd1 27.Bxd1 g5 28.f3 g4
29.fxg4 Nxg4 30.b4 Bg1 31.Kf1 Bb6 32.Bxg4 fxg4 33.c5 Bc7 34.Ke2 Kd7 35.b5 a6
36.a4 axb5 37.axb5 Bd8 38.Kd3 h5 39.Ke4 Bg5 40.Bd4 Bh6 41.Bf6 Bf8 42.Bd4 Bh6
43.Bf2 Bg7 44.Kd3 Bf8 45.Bd4 Bh6 46.Be3 Bg7 47.Ke4 Bf8 48.Bg1 Bg7 49.Bd4  1/2-1/2

[Event "Caorle op"]
[Site "Caorle"]
[Date "1981.??.??"]
[Round "1"]
[White "Milavec, Frank"]
[Black "Tirabassi, Maurizio"]
[Result "0-1"]
[WhiteElo "2000"]
[BlackElo "2085"]

1.e4 c5 2.c3 Nf6 3.e5 Nd5 4.d4 cxd4 5.Bc4 Qc7 6.Qe2 Nb6 7.Bd3 Nc6 8.Nf3 d6
9.exd6 Qxd6 10.O-O g6 11.cxd4 Bg7 12.Nc3 O-O 13.Nb5 Qd8 14.Rd1 a6 15.Nc3 Bg4
16.d5 Nd4 17.Qe3 Bxf3 18.gxf3 Nxd5 19.Qe4 e6 20.f4 Rc8 21.Be3 Nxe3 22.fxe3 Nf5
23.Qb4 Nxe3 24.Rd2 Nc4 25.Bxc4 Qxd2 26.Rd1 Bxc3  0-1

[Event "Caorle op"]
[Site "Caorle"]
[Date "1981.??.??"]
[Round "4"]
[White "Schuering, Andreas"]
[Black "Kouatly, Bachar"]
[Result "0-1"]
[WhiteElo "2200"]
[BlackElo "2385"]

1.e4 c5 2.c3 Nf6 3.e5 Nd5 4.d4 cxd4 5.cxd4 b6 6.Nf3 e6 7.a3 Be7 8.Be3 Ba6
9.Bxa6 Nxa6 10.O-O O-O 11.Nbd2 f5 12.exf6 gxf6 13.Re1 Kh8 14.Ne4 Rg8 15.Bd2 Nac7
16.Rc1 d6 17.Ng3 f5 18.Nh5 Qe8 19.Nf4 Nxf4 20.Bxf4 Nd5 21.Bd2 Qg6 22.g3 Qf7
23.Qe2 Rg6 24.Qa6 Rf8 25.Rc8 Bd8 26.Kg2 f4 27.Qe2 Qb7 28.Rc2 b5 29.Qd3 Bb6
30.Rcc1 fxg3 31.fxg3 Rgf6 32.Rf1 e5 33.dxe5 Ne3+ 34.Bxe3 Rxf3 35.Kh3 Bxe3
36.exd6 Bxc1 37.Rxf3 Qxf3  0-1

[Event "Caorle op"]
[Site "Caorle"]
[Date "1981.??.??"]
[Round "4"]
[White "Ujhazi, Ivan"]
[Black "Ceschia, Ivano"]
[Result "1/2-1/2"]
[WhiteElo "2000"]
[BlackElo "2280"]

1.e4 c5 2.c3 Nf6 3.e5 Nd5 4.d4 cxd4 5.cxd4 d6 6.Nf3 Nc6 7.Bc4 Nb6 8.Bb5 dxe5
9.Nxe5 Bd7 10.Bxc6 Bxc6 11.Nxc6 bxc6 12.O-O g6 13.Bf4 Bg7 14.Qc2 O-O 15.Rd1 Bxd4
16.Nc3 Rc8 17.Qe4 c5 18.Be5 f5 19.Qh4 e6 20.Qh6 Rf7 21.Ne2  1/2-1/2

[Event "Caorle op"]
[Site "Caorle"]
[Date "1981.??.??"]
[Round "5"]
[White "Messa, Roberto"]
[Black "Triller, R."]
[Result "0-1"]
[WhiteElo "2290"]
[BlackElo "2210"]

1.e4 c5 2.c3 Nf6 3.e5 Nd5 4.d4 cxd4 5.Nf3 d6 6.Qxd4 e6 7.Bg5 dxe5 8.Bb5+ Nc6
9.Qa4 Qc7 10.O-O Bd7 11.Nbd2 f6 12.Bh4 Be7 13.Rfe1 O-O 14.Bg3 a6 15.Bf1 Kh8
16.a3 Qd8 17.Qc2 Qe8 18.Rad1 b5 19.c4 bxc4 20.Nxc4 a5 21.Bd3 Qh5 22.Be2 Qh6
23.Rxd5 exd5 24.Nb6 e4 25.Nxd7 exf3 26.Qxc6 Rfc8 27.Qxd5 fxe2 28.f4 Rd8 29.Rxe2 Bc5+
30.Qxc5 Rxd7 31.Qxa5 Rad8 32.h3 Qg6 33.Kh2 h5 34.Be1 Rd5 35.Rd2 Rxd2 36.Bxd2 Rd3
37.Be1 Kh7 38.Bf2 Kh6 39.Qe1 Qf5 40.Qc1 Qd5 41.f5+ Kh7 42.Qf4 Rd2 43.b4 Ra2
44.b5 Rxa3 45.b6 Rb3 46.Be3 Rb2 47.Bf2 Rb1 48.Kg3 Rb5 49.Be3 Qxf5 50.Qxf5+ Rxf5
51.Bf4 Rb5 52.Bc7 Kg6 53.Kf4 Kf7 54.g3 Ke6 55.h4 Rb4+ 56.Ke3 Kd5 57.Bd8 Kc6
58.Kf3 Kd7 59.Bc7 g5 60.hxg5 fxg5 61.Ke3 Ke6 62.Kf3 Kf5 63.g4+ hxg4+ 64.Kg3 Rb3+
65.Kg2 Kg6 66.Kh2 Kh5 67.Kg2 Kh4 68.Be5 Rxb6 69.Bg3+ Kh5 70.Be5 Rb3 71.Bd6 Kh4
72.Be5 g3  0-1

[Event "Caorle op"]
[Site "Caorle"]
[Date "1981.??.??"]
[Round "7"]
[White "Taruffi, Daniele"]
[Black "Kouatly, Bachar"]
[Result "1-0"]
[WhiteElo "2365"]
[BlackElo "2385"]

1.e4 c5 2.c3 Nf6 3.e5 Nd5 4.d4 cxd4 5.cxd4 b6 6.Nf3 e6 7.Bd3 Ba6 8.O-O Be7
9.Nc3 Nxc3 10.bxc3 Bxd3 11.Qxd3 O-O 12.Bf4 d5 13.exd6 Bxd6 14.Ng5 g6 15.Qh3 h5
16.Nxe6 fxe6 17.Qxe6+ Kh7 18.Bxd6 Rf6 19.Qe7+ Qxe7 20.Bxe7 Rc6 21.Rac1 Na6
22.d5 Rc4 23.Rfd1 Nc5 24.Bxc5 Rxc5 25.Kf1 b5 26.Rd3 Rd8 27.Rcd1 Rd6 28.Ke2 Kg7
29.f4 Kf6 30.Kf3 Kf5 31.g3 a6 32.h3 h4 33.g4+ Kf6 34.g5+ Kf5 35.Re3 Rdxd5
36.Rde1 a5 37.a3  1-0

[Event "DDR-ch (Women)"]
[Site "Fuerstenwalde"]
[Date "1981.??.??"]
[Round "2"]
[White "Jahn, Constanze"]
[Black "Espig, Gesine"]
[Result "1-0"]
[WhiteElo "1930"]
[BlackElo "2020"]

1.e4 c5 2.c3 Nf6 3.e5 Nd5 4.Nf3 d6 5.d4 cxd4 6.cxd4 dxe5 7.Nxe5 e6 8.Bb5+ Bd7
9.Nxd7 Nxd7 10.O-O a6 11.Bc4 N7b6 12.Bb3 Be7 13.Nd2 Rc8 14.Ne4 Nc4 15.Qg4 Nf6
16.Qxg7 Rf8 17.Nxf6+ Bxf6 18.Qxh7 Rh8 19.Qe4 Bxd4 20.Qxb7 Nd6 21.Qxa6 Ne4
22.Be3 Qc7 23.h3 Bxe3 24.Qa4+ Ke7 25.Qxe4 Bf4 26.Rae1 Bd2 27.Bxe6 Bxe1 28.Bxc8+ Kf8
29.Rxe1 Qxc8 30.Qe7+ Kg8 31.Qg5+ Kf8 32.Rd1  1-0

[Event "DDR-ch (Women)"]
[Site "Fuerstenwalde"]
[Date "1981.??.??"]
[Round "11"]
[White "Starck, Ines"]
[Black "Jahn, Constanze"]
[Result "1-0"]
[WhiteElo "2200"]
[BlackElo "1930"]

1.e4 c5 2.c3 Nf6 3.e5 Nd5 4.d4 cxd4 5.cxd4 Nc6 6.Nf3 d6 7.Bc4 Nb6 8.Bb5 dxe5
9.Nxe5 Bd7 10.Bxc6 Bxc6 11.Nxc6 bxc6 12.O-O e6 13.Qg4 h5 14.Qe4 Qd5 15.Nc3 Qxe4
16.Nxe4 Be7 17.Be3 Nc4 18.b3 Nxe3 19.fxe3 O-O 20.Rac1 Rac8 21.Rc4 Rc7 22.Rfc1 Rfc8
23.Kf2 Kf8 24.Ke2 Ke8 25.Nf2 Bd6 26.h3 Kd7 27.Nd3 Rb8 28.e4 Rb5 29.e5 Be7
30.Rf1 Ke8 31.Nf4 g6 32.Kd3 Ra5 33.Rc2 Kd8 34.Ne2 Bb4 35.Ke4 Rb5 36.Nf4 a5
37.g4 hxg4 38.hxg4 Ke7 39.Rh2 Rbb7 40.Rh7 Ke8 41.Rh8+ Kd7 42.Nh3 c5 43.Rxf7+ Kc6
44.Rf6 Re7 45.d5+  1-0

[Event "Hamburg op"]
[Site "Hamburg"]
[Date "1981.??.??"]
[Round "1"]
[White "Anbuhl, Edgar"]
[Black "Radulov, Ivan"]
[Result "1/2-1/2"]
[WhiteElo "2225"]
[BlackElo "2465"]

1.e4 c5 2.c3 Nf6 3.e5 Nd5 4.d4 cxd4 5.cxd4 d6 6.Nf3 Nc6 7.Bc4 Nb6 8.Bb5 dxe5
9.Nxe5 Bd7 10.Nc3 Nxe5 11.dxe5 Bxb5 12.Nxb5 Qxd1+ 13.Kxd1 Nd5 14.Ke2 a6 15.Rd1 O-O-O
16.Na3 e6 17.Nc4 Be7 18.Bd2 b6 19.Rac1 Kb7 20.Be3 Nxe3 21.Nxe3 b5 22.f4 Kb6
23.b3 Ba3 24.Rc2 Rxd1 25.Kxd1 Rd8+ 26.Rd2 Rxd2+ 27.Kxd2 Kc5 28.Nc2 Bb2 29.Kd3 g5
30.g3 gxf4 31.gxf4 a5 32.Ke4 Bc1 33.Ne1 Kc6 34.Nd3 Ba3 35.Nf2 Be7 36.Nd3 Bc5
37.Nc1 a4 38.Nd3 axb3 39.axb3 Be7 40.Ne1 Kb6 41.Nd3 Ka5 42.Kd4 Bb4 43.Ke3 Bc3
44.Ke4 Bd2 45.Kf3 Kb6 46.Ke4 Kc6 47.Kd4 Ba5 48.Ke4 Bb6 49.Ne1 Bf2 50.Nd3 Bg1
51.h3  1/2-1/2

[Event "Hamburg op"]
[Site "Hamburg"]
[Date "1981.??.??"]
[Round "11"]
[White "Wockenfuss, Klaus"]
[Black "Cserna, Laszlo"]
[Result "1/2-1/2"]
[WhiteElo "2380"]
[BlackElo "2380"]

1.e4 c5 2.c3 Nf6 3.e5 Nd5 4.d4 cxd4 5.Nf3 d6 6.cxd4 Nc6 7.Bc4 Nb6 8.Bb5 dxe5
9.Nxe5 Bd7 10.Bxc6 Bxc6 11.Nxc6 bxc6 12.O-O g6 13.Nc3 Bg7 14.Qf3 Nd5 15.Rd1 O-O
16.Ne2 Qb6 17.b3 Rfd8 18.Ba3 Nb4 19.Bxb4 Qxb4 20.Qxc6 Rac8 21.Qa6 Rc7 22.Rac1 Rd6
23.Qd3 Rxc1 24.Rxc1 Bxd4 25.Nxd4 Rxd4 26.Qg3 Qc5 27.Re1 Rd2 28.a4 h5 29.h3 Rb2  1/2-1/2

[Event "DDR-ch U18"]
[Site "Ilmenau"]
[Date "1981.??.??"]
[Round "?"]
[White "Jaeger, Uwe"]
[Black "Mirschinka, Dirk"]
[Result "0-1"]
[WhiteElo "2200"]
[BlackElo "2200"]

1.e4 c5 2.c3 Nf6 3.e5 Nd5 4.d4 cxd4 5.Qxd4 e6 6.Nf3 Nc6 7.Qe4 f5 8.exf6 Nxf6
9.Qh4 Ne7 10.Bd3 Qa5 11.Bg5 Nf5 12.Qh3 Qb6 13.O-O Qxb2 14.Bxf5 Qxa1 15.Bg6+ Ke7
16.Nd4 Qxa2 17.Re1 Kd8 18.Rd1 d6 19.Bf7 e5 20.Qh5 Qa4 21.Bb3 Qe8 22.Qh4 exd4
23.Qxd4 Qg6 24.Bh4 Bd7 25.Na3 Bc6 26.Bd5 Kc7 27.Bxc6 bxc6 28.Qb4 a5 29.Qc4 d5
30.Bg3+ Qxg3 31.Rxd5 Bxa3 32.Rd7+ Nxd7 33.hxg3 a4  0-1

[Event "DDR-ch U18"]
[Site "Ilmenau"]
[Date "1981.??.??"]
[Round "?"]
[White "Jaeger, Uwe"]
[Black "Voekler, Bernd"]
[Result "1/2-1/2"]
[WhiteElo "2200"]
[BlackElo "2200"]

1.e4 c5 2.c3 Nf6 3.e5 Nd5 4.d4 cxd4 5.Qxd4 e6 6.Nf3 Nc6 7.Qe4 d6 8.Nbd2 Qc7
9.Nc4 Bd7 10.Nxd6+ Bxd6 11.exd6 Qxd6 12.Bg5 f6 13.Bh4 f5 14.Qc2 O-O 15.Rd1 Qc5
16.c4 b5 17.a3 bxc4 18.Qxc4 Qa5+ 19.Rd2 Rab8 20.Qa6 Qc7 21.Be2 Ne5 22.O-O Nxf3+
23.Bxf3 Qf4 24.Rxd5 exd5 25.Bg3 Qc4 26.Qxc4 dxc4 27.Bd5+ Kh8 28.Bxb8 Rxb8
29.Bxc4 Rxb2 30.Rd1 Rb7 31.Ba6 Rc7 32.Bb5 Be6 33.Rd8+ Bg8 34.g3 g6  1/2-1/2

[Event "Ljubljana"]
[Site "Ljubljana"]
[Date "1981.??.??"]
[Round "5"]
[White "Barle, Janez"]
[Black "Wittmann, Walter"]
[Result "1-0"]
[WhiteElo "2410"]
[BlackElo "2425"]

1.e4 c5 2.c3 Nf6 3.e5 Nd5 4.d4 cxd4 5.Nf3 Nc6 6.Bc4 Nb6 7.Bb3 d5 8.exd6 Qxd6
9.O-O Be6 10.Bxe6 Qxe6 11.Nxd4 Nxd4 12.Qxd4 Rd8 13.Qh4 Qe2 14.Nd2 Rxd2 15.Bxd2 Qxd2
16.Rfd1 Qh6 17.Qg3 Qc6 18.Rd3 Nc8 19.Rad1 f6 20.Qb8 Kf7 21.Rd7 Nb6 22.Rxb7 Qa4
23.Re1 Qxa2 24.Qxa7 Qxa7 25.Rxa7 g6 26.Rb7 Nc8 27.c4 Bh6 28.g3 Rd8 29.c5 Bf8
30.b4 Ke8 31.Ra1 e5 32.Ra8 Ne7 33.Rxd8+ Kxd8 34.b5 Kc8 35.c6 h5 36.Rd7 g5
37.b6 Nxc6 38.Rc7+ Kb8 39.Rxc6 Be7 40.Re6 Bd8 41.Re8  1-0

[Event "POL-chT"]
[Site "Lubniewice"]
[Date "1981.??.??"]
[Round "1"]
[White "Turczynowicz, Lidia"]
[Black "Kowalska, Elzbieta"]
[Result "0-1"]
[WhiteElo "2200"]
[BlackElo "2090"]

1.e4 c5 2.c3 Nf6 3.e5 Nd5 4.d4 cxd4 5.Qxd4 e6 6.Nf3 Qc7 7.Nbd2 Nc6 8.Qe4 a6
9.Bd3 Be7 10.O-O f5 11.exf6 Nxf6 12.Qh4 d5 13.Bg6+ Kd8 14.Bb1 h6 15.Nb3 e5
16.Re1 Rf8 17.Nfd2 Ne4 18.Qh5 Nxf2 19.h3 Qb6 20.Kh2 Bd6 21.Nf1 e4+ 22.Ng3 Ne7
23.Nd4 Qc7 24.Qh4 g5 25.Bxg5 hxg5 26.Qxg5 Rg8 27.Qf6 Bxg3+ 28.Kg1 Nxh3+  0-1

[Event "POL-chT"]
[Site "Lubniewice"]
[Date "1981.??.??"]
[Round "1"]
[White "Brustman, Agnieszka"]
[Black "Szymanska, J."]
[Result "1/2-1/2"]
[WhiteElo "2110"]
[BlackElo "1915"]

1.e4 c5 2.c3 Nf6 3.e5 Nd5 4.d4 cxd4 5.Qxd4 e6 6.Bd3 Nc6 7.Qe4 b6 8.Nd2 Bb7
9.Nc4 Qc7 10.Bf4 Ncb4 11.cxb4 Nxb4 12.Qe2 Nxd3+ 13.Qxd3 Bxg2 14.Nd6+ Bxd6
15.exd6 Qb7 16.f3 Bxh1 17.Rc1 Qd5 18.Qxd5 exd5 19.Kf2 O-O 20.Ne2 Bxf3 21.Kxf3 Rfc8
22.Rc7 Rd8 23.Nc3 f6 24.Nxd5 Kf7 25.Rb7 g5 26.Bg3 f5 27.Nc7 Rab8 28.Rxa7 Kf6
29.Ra6 f4 30.Bf2 Ke5 31.Bxb6 Rg8 32.Nb5 g4+ 33.Kf2 h5 34.a4 h4 35.Bd4+ Ke4
36.Bf6 g3+ 37.hxg3 hxg3+ 38.Kg1 f3 39.Nc3+ Kd3 40.Ra5 Rxb2 41.Rd5+ Kc4 42.Rd4+ Kb3
43.Rd3 Rg2+ 44.Kf1 Rf2+ 45.Kg1 Kc2 46.Re3 g2 47.Re1 Rd2 48.Ne4 Rd1 49.Rxd1 Kxd1
50.Bd4 Ke2 51.Bf2 Ra8 52.Bb6 Re8 53.Ng3+ Ke1 54.a5 Ra8 55.Bf2+ Kd1 56.Bb6 Ke1
57.Bf2+  1/2-1/2

[Event "POL-chT"]
[Site "Lubniewice"]
[Date "1981.??.??"]
[Round "5"]
[White "Swic, Waldemar"]
[Black "Szymczak, Zbigniew"]
[Result "1/2-1/2"]
[WhiteElo "2330"]
[BlackElo "2395"]

1.e4 c5 2.c3 Nf6 3.e5 Nd5 4.d4 cxd4 5.Qxd4 e6 6.Nf3 Nc6 7.Qe4 d6 8.Bc4 dxe5
9.Nxe5 Nf6 10.Nxc6 Nxe4 11.Nxd8 Kxd8 12.Nd2 Nxd2 13.Bxd2 Bd6 14.O-O Ke7 15.Be3 b6  1/2-1/2

[Event "POL-chT"]
[Site "Lubniewice"]
[Date "1981.??.??"]
[Round "7"]
[White "Szymanska, J."]
[Black "Sikora Gizynska, Bozena"]
[Result "0-1"]
[WhiteElo "1915"]
[BlackElo "2035"]

1.e4 c5 2.c3 Nf6 3.e5 Nd5 4.d4 cxd4 5.Nf3 Nc6 6.cxd4 d6 7.Bc4 Nb6 8.Bb5 dxe5
9.Nxe5 Bd7 10.Bxc6 Bxc6 11.Nxc6 bxc6 12.O-O e6 13.Nc3 Be7 14.Qg4 Bf6 15.Rd1 Nd5
16.Ne4 Rb8 17.b3 O-O 18.Ba3 Be7 19.Nc5 Qa5 20.Bb2 Rfd8 21.Re1 Bf6 22.Qg3 Qc7
23.Qg4 Qa5 24.h4 Kh8 25.h5 Qd2 26.Rab1 Qf4 27.Re4 Qxg4 28.Rxg4 h6 29.Ne4 Be7
30.Rg3 Nf6 31.Nxf6 Bxf6 32.Rd3 Rd5 33.Rc3 Bxd4 34.Rxc6 Bb6 35.Rbc1 Rd2 36.Be5 Bxf2+
37.Kh1 Rbd8 38.Rc8 a5 39.Rxd8+ Rxd8 40.Rc7 Kg8  0-1

[Event "Montreal zt"]
[Site "Montreal"]
[Date "1981.??.??"]
[Round "?"]
[White "Buchholz, Martin"]
[Black "Taylor, Gordon"]
[Result "0-1"]
[WhiteElo "2235"]
[BlackElo "2250"]

1.e4 c5 2.c3 Nf6 3.e5 Nd5 4.d4 cxd4 5.Nf3 Nc6 6.Bc4 Nb6 7.Bb3 d5 8.exd6 Qxd6
9.cxd4 Be6 10.O-O Bxb3 11.Qxb3 e6 12.Nc3 Be7 13.Rd1 Nb4 14.Be3 O-O 15.a3 N4d5
16.Ne4 Qd8 17.Nc5 Rb8 18.Rac1 Nd7 19.Qd3 b6 20.Ne4 Rc8 21.Bg5 h6 22.Bxe7 Qxe7
23.Qa6 Rxc1 24.Rxc1 Nb8 25.Qc4 Rd8 26.g3 Qb7 27.Nd6 Qd7 28.Ne4 Ne7 29.Nc3 Nbc6
30.Rd1 Na5 31.Qe2 Nd5 32.Qa6 Nxc3 33.bxc3 Qd5 34.Ne5 f6 35.Ng6 Qh5 36.Qd3 e5
37.Nh4 e4 38.Qb1 Qd5 39.Re1 f5 40.f3 exf3 41.Nxf5 Kh8 42.Nh4 Kg8 43.Qe4 Nc4
44.Nxf3 Qxe4 45.Rxe4 Nxa3 46.Re7 Nb5 47.c4 Nxd4 48.Nxd4 Rxd4 49.Rxa7 Rxc4
50.Rb7 Rc6 51.h4 h5 52.Kg2 Kh7 53.Kf3 Kg6 54.Kf4 Kf6 55.Rd7 b5 56.Rb7 Rc4+
57.Kf3 b4 58.Rb6+ Ke5 59.Rb5+ Kd4 60.Rxh5 b3  0-1

[Event "Moron op"]
[Site "Moron"]
[Date "1981.??.??"]
[Round "?"]
[White "Braga, Fernando"]
[Black "Browne, Walter S"]
[Result "1-0"]
[WhiteElo "2250"]
[BlackElo "2555"]

1.e4 c5 2.c3 Nf6 3.e5 Nd5 4.d4 cxd4 5.Bc4 Nb6 6.Bb3 Nc6 7.cxd4 d5 8.Nc3 g6
9.Nge2 Na5 10.Bc2 Bg7 11.O-O O-O 12.Nf4 e6 13.b3 Bd7 14.Nh5 Rc8 15.Nxg7 Kxg7
16.Qd2 f6 17.Nd1 Nc6 18.Ne3 f5 19.Rd1 Be8 20.Ba3 Rg8 21.Rac1 Kh8 22.Bb1 g5
23.Nc2 Bh5 24.Re1 f4 25.Nb4 Qe7 26.Nxc6 Qxa3 27.Qa5 Qxa5 28.Nxa5 Rg7 29.Rc5 Rxc5
30.dxc5 Nc8 31.b4 Rc7 32.Nb3 b6 33.Nd4 Bf7 34.Rc1 bxc5 35.Rxc5 Rxc5 36.bxc5 Kg7
37.Bd3 Ne7 38.c6 Kf8 39.c7 Ke8 40.Bb5+  1-0

[Event "Novi Sad"]
[Site "Novi Sad"]
[Date "1981.??.??"]
[Round "4"]
[White "Kirov, Nino"]
[Black "Popovic, Petar"]
[Result "1/2-1/2"]
[WhiteElo "2475"]
[BlackElo "2455"]

1.e4 c5 2.c3 Nf6 3.e5 Nd5 4.d4 cxd4 5.cxd4 d6 6.Nf3 Nc6 7.Bc4 Nb6 8.Bb5 dxe5
9.Nxe5 Bd7 10.Nc3 Nxe5 11.dxe5 Bxb5 12.Nxb5 Qxd1+ 13.Kxd1 Nd5 14.Ke2  1/2-1/2

[Event "Pernik"]
[Site "Pernik"]
[Date "1981.??.??"]
[Round "4"]
[White "Antonov, Vladimir"]
[Black "Spassov, Liuben"]
[Result "1/2-1/2"]
[WhiteElo "2375"]
[BlackElo "2460"]

1.e4 c5 2.c3 Nf6 3.e5 Nd5 4.d4 cxd4 5.Nf3 Nc6 6.Bc4 Nb6 7.Bb3 d5 8.exd6 Qxd6
9.O-O Bf5 10.cxd4 e6 11.Nc3 Rd8 12.Nb5 Qd7 13.Bf4 Be7 14.Nc7+ Kf8 15.Nb5 Nd5
16.Be3 Bf6 17.Nc3 h6 18.Rc1 Nce7 19.Qd2 Nxc3 20.Qxc3 Be4 21.Ne5 Bxe5 22.dxe5 b6
23.Rfd1 Bd5 24.Qc7 g5 25.Ba4 Qxc7 26.Rxc7 Ra8 27.Bd2 a5 28.b3 Rg8 29.Bc1 Rc8
30.Rxc8+ Nxc8 31.Ba3+ Kg7 32.Rc1 Na7 33.Rc7 b5 34.Rxa7 bxa4 35.bxa4 Rb8 36.h3 Rb1+
37.Kh2 Ra1 38.Rxa5  1/2-1/2

[Event "Pernik"]
[Site "Pernik"]
[Date "1981.??.??"]
[Round "7"]
[White "Makropoulos, Georgios"]
[Black "Velikov, Petar"]
[Result "0-1"]
[WhiteElo "2485"]
[BlackElo "2445"]

1.e4 c5 2.c3 Nf6 3.e5 Nd5 4.d4 cxd4 5.Nf3 d6 6.Qxd4 e6 7.exd6 Nc6 8.Bb5 Qxd6
9.Nbd2 Bd7 10.Ne4 Nxd4 11.Nxd6+ Bxd6 12.Bxd7+ Kxd7 13.Nxd4 Rac8 14.Bd2 Bc5
15.Nb3 Bb6 16.a4 a6 17.a5 Ba7 18.Ra4 e5 19.Ke2 Ke6 20.Rc1 Rc7 21.c4 Nf6 22.Be3 Bxe3
23.fxe3 Rhc8 24.Nd2 Ne8 25.b4 Nd6 26.Ra2 h5 27.Rac2 f5 28.Rd1 Rd7 29.Rc3 g5
30.Rd3 Rcd8 31.c5 Nb5 32.Nc4 e4 33.Rxd7 Rxd7 34.Rxd7 Kxd7 35.Kd2 Ke6 36.Nb6 h4
37.Na4 Ke5 38.c6  0-1

[Event "Pernik"]
[Site "Pernik"]
[Date "1981.??.??"]
[Round "9"]
[White "Antonov, Vladimir"]
[Black "Simic, Radoslav"]
[Result "0-1"]
[WhiteElo "2375"]
[BlackElo "2440"]

1.e4 c5 2.c3 Nf6 3.e5 Nd5 4.d4 cxd4 5.Nf3 e6 6.cxd4 b6 7.Bd3 Bb7 8.a3 d6
9.Bg5 Be7 10.Bd2 Nd7 11.O-O O-O 12.Qe2 dxe5 13.Nxe5 Bd6 14.Nc3 Nxc3 15.Bxc3 Nf6
16.Rad1 Rc8 17.Rfe1 Rc7 18.Qe3 Qa8 19.f3 Nd5 20.Qe4 g6 21.Bd2 Nc3 22.Qh4 Nxd1
23.Rxd1 Qd8 24.Qe1 Be7 25.Qe3 Bd5 26.Bb1 Bf6 27.g3 Bg7 28.h4 f6 29.Nd3 Bc4
30.Bc3 Rd7 31.Rd2 e5 32.Nf2 f5  0-1

[Event "Rostock"]
[Site "Rostock"]
[Date "1981.??.??"]
[Round "4"]
[White "Pietrusiak, Bogdan"]
[Black "Bernard, Ryszard"]
[Result "1/2-1/2"]
[WhiteElo "2245"]
[BlackElo "2325"]

1.e4 c5 2.c3 Nf6 3.e5 Nd5 4.d4 cxd4 5.Nf3 Nc6 6.cxd4 d6 7.Bc4 Nb6 8.Bb5 dxe5
9.Nxe5 Bd7 10.Bxc6 Bxc6 11.Nxc6 bxc6 12.O-O g6 13.Nc3 Bg7 14.Be3 O-O 15.Rc1 Nd5
16.Qa4 Qb6 17.Nxd5 cxd5 18.Rc2 Rac8 19.Rfc1 Rxc2 20.Rxc2 Qb7 21.g3 e5 22.dxe5 Bxe5
23.b3 a6 24.Qa5 Bf6 25.Rc7 Qb5  1/2-1/2

[Event "Tuzla"]
[Site "Tuzla"]
[Date "1981.??.??"]
[Round "5"]
[White "Klaric, Zlatko"]
[Black "Milovanovic, Ninoslav"]
[Result "1/2-1/2"]
[WhiteElo "2450"]
[BlackElo "2240"]

1.e4 c5 2.c3 Nf6 3.d3 Nc6 4.Nf3 e6 5.Bg5 Be7 6.Nbd2 d6 7.h3 O-O 8.Be2 b6
9.O-O Bb7 10.Re1 Rc8 11.Bf1  1/2-1/2

[Event "URS-FL49"]
[Site "Volgodonsk"]
[Date "1981.??.??"]
[Round "9"]
[White "Sveshnikov, Evgeny"]
[Black "Timoshchenko, Gennadi A"]
[Result "1/2-1/2"]
[WhiteElo "2545"]
[BlackElo "2505"]

1.e4 c5 2.c3 Nf6 3.e5 Nd5 4.d4 cxd4 5.cxd4 d6 6.Nf3 Nc6 7.Bc4 Nb6 8.Bb5 dxe5
9.Nxe5 Bd7 10.Nc3 Nxe5 11.dxe5 e6 12.O-O a6 13.Bxd7+ Qxd7 14.Qxd7+ Nxd7 15.Bf4 O-O-O
16.Rac1 Kb8 17.Rfd1 Be7 18.Kf1 Nb6 19.Rxd8+ Rxd8 20.Rd1 Rxd1+ 21.Nxd1 Bc5
22.Be3 Nd7 23.Bxc5 Nxc5 24.Ke2  1/2-1/2

[Event "URS-FL49"]
[Site "Volgodonsk"]
[Date "1981.??.??"]
[Round "10"]
[White "Novopashin, Arkady"]
[Black "Rashkovsky, Nukhim N"]
[Result "0-1"]
[WhiteElo "2380"]
[BlackElo "2540"]

1.e4 c5 2.c3 Nf6 3.e5 Nd5 4.d4 cxd4 5.Qxd4 e6 6.Nf3 Nc6 7.Qe4 f5 8.Qe2 d6
9.g3 Qc7 10.exd6 Bxd6 11.Bg2 O-O 12.O-O Nf6 13.Nbd2 e5 14.Nc4 e4 15.Nfd2 Be6
16.Nxd6 Qxd6 17.f3 Bd5 18.fxe4 fxe4 19.Nb3 Ne5 20.Bf4 Qb6+ 21.Be3 Nf3+ 22.Kh1 Qc6
23.Nd2 Rae8 24.c4 Bf7 25.Rxf3 exf3 26.Bxf3 Qc7 27.b3 Bg6 28.Re1 Ne4 29.Bg2 Qa5
30.Nf3 Bh5 31.Rf1 Qc3 32.Kg1 Nxg3 33.hxg3 Rxe3  0-1

[Event "DDR-POL-CSR U26"]
[Site "Zinnowitz"]
[Date "1981.??.??"]
[Round "?"]
[White "Starck, Ines"]
[Black "Sikora Gizynska, Bozena"]
[Result "0-1"]
[WhiteElo "2200"]
[BlackElo "2035"]

1.e4 c5 2.c3 Nf6 3.e5 Nd5 4.d4 cxd4 5.cxd4 e6 6.Bc4 Nb6 7.Bb3 d6 8.Qe2 dxe5
9.dxe5 Nc6 10.Nf3 Bb4+ 11.Bd2 O-O 12.O-O Nd5 13.Rd1 Bxd2 14.Rxd2 Qa5 15.Qe4 Nde7
16.Na3 Qb4 17.Qe2 Ng6 18.Nc4 b5 19.Nd6 Ncxe5 20.Nxe5 Nxe5 21.Rad1 Ng6 22.Qxb5 Qxb5
23.Nxb5 Bb7 24.Nd6 Ba6 25.Ne4 Ne5 26.Rd6 Bc4 27.Bxc4 Nxc4 28.Ra6 Rfd8 29.Rxd8+ Rxd8
30.f3 Nxb2 31.Rxa7 h6 32.a4 Rd1+ 33.Kf2 Ra1 34.a5 Ra2 35.a6 f5 36.Ra8+ Kh7
37.Ng3 Nd1+ 38.Kg1 Ne3 39.a7 Rxg2+ 40.Kh1 Ra2 41.h4 Nd5 42.Re8 Nc7 43.Re7 Rxa7
44.Nh5 Kg6 45.Nxg7 Ra1+ 46.Kh2 Nd5 47.Rd7 Nf4 48.Ne8 e5 49.Rd6+ Kf7 50.Nc7 Rc1
51.Nd5 Rc2+ 52.Kh1 Rd2 53.Rd7+ Ke6  0-1

[Event "Caorle op"]
[Site "Caorle"]
[Date "1982.??.??"]
[Round "3"]
[White "Pavicic, Zeljko"]
[Black "Jovanovic, Nenad"]
[Result "1/2-1/2"]
[WhiteElo "2445"]
[BlackElo "2325"]

1.e4 c5 2.c3 Nf6 3.e5 Nd5 4.d4 cxd4 5.cxd4 d6 6.Nf3 Nc6 7.Bc4 Nb6 8.Bb5 dxe5
9.Nxe5 Bd7 10.Nc3 e6 11.Nxc6 Bxc6 12.O-O Rc8 13.Re1 Be7 14.Qg4 O-O 15.Bh6 Bf6
16.Rad1 Kh8 17.Bc1 Qc7 18.Re3 Be5 19.dxe5 f5 20.Qh4 Qf7 21.Rh3 Qg6 22.Rg3 Qf7
23.Rh3  1/2-1/2